00803pam a2200205 a 450000100100000000500170001000800410002702000220006804000250009010000360011524500580015126000610020930000270027049000190029750400270031652001030034383000260044695201100047299900150058200000492920200929151534.0851023s1985 pr a j b s000 0 spa  a0847735338 (pbk.) aDO-SdBNPbspacBNPHU1 aFeliciano Mendoza, Ester91424510aRomancero de la Conquista /cEster Feliciano Mendoza. aRio Piedras, P. R. :bUniversidad de Puerto Rico,c1985. a71 p. :bil. ;c29 cm.1 aNinos y letras aBibliografía: p. 71. aUna colección de poemas en español que relata la conquista de Puerto Rico por los españoles. 0aNinos y letras914246 001052708MOaGRbGRcCTd2009-07-27iLF1l0o p4929-10r2020-06-25w2020-06-25y2ZPréstamo interno c4735d4735